|
|
|
|
| LEADER |
00000nam0a2200000 4500 |
| 001 |
274073 |
| 005 |
20231101234707.0 |
| 020 |
|
|
|a RU
|b 87-88217
|
| 035 |
|
|
|a (RuTPU)RU\TPU\book\297283
|
| 090 |
|
|
|a 274073
|
| 100 |
|
|
|a 20141030d1987 k y0rusy5003 ca
|
| 101 |
0 |
|
|a rus
|
| 102 |
|
|
|a RU
|
| 105 |
|
|
|a a z 001zy
|
| 200 |
1 |
|
|a Баллистическое проектирование космических систем
|f П. Р. Попович, Б. С. Скребушевский
|
| 210 |
|
|
|a Москва
|c Машиностроение
|d 1987
|
| 215 |
|
|
|a 240 с.
|c ил.
|
| 320 |
|
|
|a Библиогр.: с. 236-237
|
| 606 |
1 |
|
|a Космические исследования
|x Аппаратура
|2 stltpush
|3 (RuTPU)RU\TPU\subj\15790
|9 42000
|
| 610 |
1 |
|
|a космические системы
|
| 610 |
1 |
|
|a проектирование
|
| 610 |
1 |
|
|a космические аппараты
|
| 610 |
1 |
|
|a выведение
|
| 610 |
1 |
|
|a траектория
|
| 610 |
1 |
|
|a расчет
|
| 610 |
1 |
|
|a прогнозирование
|
| 610 |
1 |
|
|a баллистические характеристики
|
| 610 |
1 |
|
|a выбор
|
| 610 |
1 |
|
|a схемы
|
| 675 |
|
|
|a 629.785
|v 3
|
| 700 |
|
1 |
|a Попович
|b П. Р.
|g Павел Романович
|4 070
|
| 701 |
|
1 |
|a Скребушевский
|b Б. С.
|g Борис Сергеевич
|4 070
|
| 801 |
|
0 |
|a RU
|b RuMRKP
|c 19950417
|g psbo
|
| 801 |
|
1 |
|a RU
|b 63413507
|c 20141030
|
| 801 |
|
2 |
|a RU
|b 63413507
|c 20170119
|g RCR
|
| 942 |
|
|
|c BK
|